Video Webinars vLex

Bibliographic Details
Format: Book
Language:Spanish
Published: Espaą vLex 2012
Subjects:
Online Access:Acceso restringido

MARC

LEADER 00000nam a22000007a 4500
005 2016031608268.0
007 cr|||| ||u|
008 160316s2012 spa|||||||||| o|||||spa d
035 |a 14070 
040 |a vLex 
090 |c 5965  |d 5965 
245 1 0 |a Video Webinars vLex  |h [Recurso electrn̤ico] /  |c vLex  
256 |a Servicio en ln̕ea  
260 |a Espaą  |b vLex  |c 2012 
300 |a 1 recurso electrn̤ico 
506 1 |a Contenido solo disponible en los productos indicados  |d vLex Global  |d vLex Global (Academic Edition, excluding Law Schools)  |d vLex Global (U.S. Academic Edition, Law Schools)  |d vLex Global (U.S. Academic Edition, excluding Law Schools)  |d vLex Global (Academic Edition, Law Schools) 
650 0 4 |a Vd̕eo - Derecho y legislacin̤   |z Espaą 
740 0 |a vLex libros (servicio en ln̕ea) 
856 4 0 |u http://vlex.com/source/video-webinars-vlex-14070  |z Acceso restringido  
942 |c BOOK 
999 0 |a Video recordings--Law and legislation  |b Spain